Reclaiming motherhood : (Record no. 53248)

MARC details
000 -LEADER
fixed length control field 00697nam a22002415i 4500
001 - CONTROL NUMBER
control field 20430536
003 - CONTROL NUMBER IDENTIFIER
control field OSt
005 - DATE AND TIME OF LATEST TRANSACTION
control field 20180727113213.0
008 - FIXED-LENGTH DATA ELEMENTS--GENERAL INFORMATION
fixed length control field 180403s2018 pau 000 0 eng
010 ## - LIBRARY OF CONGRESS CONTROL NUMBER
LC control number 2018940031
020 ## - INTERNATIONAL STANDARD BOOK NUMBER
International Standard Book Number 9780996201773
040 ## - CATALOGING SOURCE
Original cataloging agency DLC
Language of cataloging eng
Description conventions rda
Transcribing agency DLC
042 ## - AUTHENTICATION CODE
Authentication code pcc
050 ## - LIBRARY OF CONGRESS CALL NUMBER
Classification number BT83.55
Item number .T67 2018
100 1# - MAIN ENTRY--PERSONAL NAME
Personal name Tororeiy, Mary.
245 10 - TITLE STATEMENT
Title Reclaiming motherhood :
Remainder of title an aArican woman's reading of birthing imagery in job /
Statement of responsibility, etc Mary Tororeiy.
260 ## - PUBLICATION, DISTRIBUTION, ETC. (IMPRINT)
Place of publication, distribution, etc Pennyslavia:
Name of publisher, distributor, etc Borderless;
Date of publication, distribution, etc 2018
300 ## - PHYSICAL DESCRIPTION
Extent 236pages cm
500 ## - GENERAL NOTE
General note Bibliography p.225-236
906 ## - LOCAL DATA ELEMENT F, LDF (RLIN)
a 0
b ibc
c orignew
d 2
e epcn
f 20
g y-gencatlg
942 ## - ADDED ENTRY ELEMENTS (KOHA)
Source of classification or shelving scheme Library of Congress Classification
Koha item type Book
Holdings
Withdrawn status Lost status Source of classification or shelving scheme Damaged status Not for loan Collection code Home library Current library Shelving location Date acquired Source of acquisition Cost, normal purchase price Total Checkouts Total Renewals Full call number Barcode Date checked out Copy number Price effective from Koha item type
    Library of Congress Classification     Non-fiction Nakuru Campus Nakuru Campus Reserve Section 27/07/2018 donation 2500.00 3 1 BT83.55 .T67 2018 059476 14/01/2019 1 27/07/2018 Reserve Section